Welcome to the Holygrace Academy Library

Please use search bar below to get started

THE WINNERS' MANUAL ESSENTIAL LIFE AND WORK SKILL (Record no. 1863)

MARC details
000 -LEADER
fixed length control field 00371nam a22001217a 4500
082 ## - DEWEY DECIMAL CLASSIFICATION NUMBER
Classification number 001
Item number HEL/W
100 ## - MAIN ENTRY--AUTHOR NAME
Personal name HELLER ROBERT,Et al
245 ## - TITLE STATEMENT
Title THE WINNERS' MANUAL ESSENTIAL LIFE AND WORK SKILL
Remainder of title ACHIEVING EXCELLENCE, INFLUENCING PEOPLE,BALANCING WORK&LIFE
260 ## - PUBLICATION, DISTRIBUTION, ETC. (IMPRINT)
Place of publication LONDON
Name of publisher DK LIMITED
Year of publication 2008
300 ## - PHYSICAL DESCRIPTION
Number of Pages 72
650 ## - SUBJECT ADDED ENTRY--TOPICAL TERM
Topical Term PERSONALITY DEVELOPMENT
Geographic subdivision LONDON
942 ## - ADDED ENTRY ELEMENTS (KOHA)
Koha item type Books
Holdings
Withdrawn status Lost status Collection code Home library Current library Shelving location Date acquired Source of acquisition Full call number Accession Number Koha item type
    Reference Main Library Main Library SHELF 2-A SCIENCE IN OUR WORLD,FUNK7WAGNALLS ENCYCLO,,FIRST AID ,Y2K,MEDICAL 14/09/2023 PURCHASE 001 HEL/W 04469 Books